Interaction between the french tax system and those of developing countries (Record no. 500536)

000 -LEADER
fixed length control field 00416cam a22001097a 4500
008 - FIXED-LENGTH DATA ELEMENTS--GENERAL INFORMATION
fixed length control field 180718b1971 xxu||||| |||| 00| 0 eng d
082 ## - DEWEY DECIMAL CLASSIFICATION NUMBER
Classification number L2x44 Un3t
245 ## - TITLE STATEMENT
Title Interaction between the french tax system and those of developing countries
Statement of responsibility, etc. by Department of Economic and Social Affairs, U.S.A.
260 ## - PUBLICATION, DISTRIBUTION, ETC.
Place of publication, distribution, etc. New York
Name of publisher, distributor, etc. United Nations
Date of publication, distribution, etc. 1971
300 ## - PHYSICAL DESCRIPTION
Extent 64+p.
700 ## - ADDED ENTRY--PERSONAL NAME
Personal name U.S.A. Department of Economic and Social Affairs
Holdings
Withdrawn status Lost status Damaged status Not for loan Permanent Location Current Location Date acquired Full call number Barcode Date last seen Price effective from Koha item type
        Indian Institute of Public Administration Indian Institute of Public Administration 2018-08-04 L2x44 Un3t G11320 2018-08-04 2018-08-04 G

Powered by Koha